[Event "Women-Veterans"]
[Site "Vienna"]
[Date "1993.??.??"]
[Round "?"]
[White "Ivkov, Borislav"]
[Black "Arakhamia, Ketevan"]
[Result "0-1"]
[WhiteElo "2505"]
[BlackElo "2440"]

1.Nf3 Nf6 2.c4 g6 3.Nc3 Bg7 4.e4 d6 5.d4 O-O 6.Be2 e5 7.dxe5 dxe5 8.Qxd8 Rxd8
9.Bg5 c6 10.Nxe5 Re8 11.O-O-O Na6 12.f4 h6 13.Bh4 g5 14.Bg3 Nc5 15.Rhe1 Ncxe4
16.Nxe4 Nxe4 17.Bh5 Bxe5 18.fxe5 Nxg3 19.hxg3 Be6 20.b3 Re7 21.Rf1 Kg7 22.Rf2 b5
23.c5 Bd5 24.Re2 Rae8 25.Rde1 a5 26.Kb2 b4 27.Kc2 Rd8 28.Kc1 Ra7 29.Rd1 a4
30.Rd4 axb3 31.axb3 Rb8 32.Bf3 Ra1+ 33.Kb2 Rba8 34.Kc2 Bxf3 35.gxf3 R8a2+  0-1

[Event "Vilnius zt"]
[Site "Vilnius"]
[Date "1993.??.??"]
[Round "?"]
[White "Oll, Lembit"]
[Black "Sepp, Olav"]
[Result "1-0"]
[WhiteElo "2585"]
[BlackElo "2390"]

1.d4 Nf6 2.c4 g6 3.Nc3 Bg7 4.e4 d6 5.Nf3 O-O 6.Be2 e5 7.O-O Na6 8.Be3 Ng4
9.Bg5 Qe8 10.dxe5 dxe5 11.h3 h6 12.Bd2 Nf6 13.Be3 Nh5 14.Re1 Nf4 15.Bf1 c6
16.a3 Qe7 17.b4 Rd8 18.Qc1 Nd3 19.Bxd3 Rxd3 20.Na4 Kh7 21.b5 Nc7 22.b6 axb6
23.Nxb6 Rb8 24.Nxc8 Rxc8 25.Qb1 Rxa3 26.Qxb7 Rxa1 27.Rxa1 Qe8 28.Ra7 Kg8
29.Bc5 Qe6 30.Qb4 Bf6 31.Qd2 Kg7 32.Be3 g5 33.Nh2 Qxc4 34.Ng4 Rd8 35.Qb2 Nb5
36.Rb7 Qxe4 37.Kh2 Qd5 38.Qb1 Qd3 39.Qb4 Qd6 40.Bc5 Qe6 41.Nxf6 Qxf6 42.Be7 Qxf2
43.Bxd8 Nd4 44.Qc3 g4 45.hxg4 e4 46.Bb6  1-0

[Event "Vinkovci"]
[Site "Vinkovci"]
[Date "1993.??.??"]
[Round "2"]
[White "Farago, Ivan"]
[Black "Smuk, Zelimir"]
[Result "1-0"]
[WhiteElo "2540"]
[BlackElo "2295"]

1.d4 Nf6 2.c4 g6 3.Nc3 Bg7 4.e4 d6 5.Be2 O-O 6.Nf3 Nbd7 7.O-O e5 8.Be3 Ng4
9.Bg5 f6 10.Bh4 c6 11.Qd2 Bh6 12.Qc2 exd4 13.Nxd4 Nc5 14.Rad1 Bf4 15.Bg3 Bxg3
16.hxg3 Qe7 17.b4 Ne6 18.Nxc6 bxc6 19.Bxg4 Ng5 20.Bxc8 Raxc8 21.Rfe1 Rfe8
22.Re3 a5 23.b5 cxb5 24.cxb5 Kg7 25.Qd2 Rc4 26.Qxd6 Nxe4 27.Qxe7+ Rxe7 28.Rde1 f5
29.f3 Rec7 30.Nd5 R7c5 31.fxe4 Rxb5 32.Nf4 fxe4 33.Rxe4 Rc2 34.Ne6+  1-0

[Event "Warsaw op"]
[Site "Warsaw"]
[Date "1993.??.??"]
[Round "3"]
[White "Ehrenfeucht, Wojciech"]
[Black "Ryskin, Alexander"]
[Result "1-0"]
[WhiteElo "2310"]
[BlackElo "2505"]

1.Nf3 Nf6 2.c4 g6 3.Nc3 Bg7 4.e4 O-O 5.d4 d6 6.Be2 Na6 7.O-O e5 8.Re1 c6
9.d5 Nc5 10.Bf1 a5 11.Nd2 Bd7 12.Nb3 Na6 13.Bd2 Ne8 14.dxc6 Bxc6 15.Nd5 a4
16.Na5 Nc5 17.b4 axb3 18.axb3 Nf6 19.f3 Nfd7 20.b4 Ne6 21.Kh1 Bxd5 22.cxd5 Nd4
23.Nxb7 Qb6 24.Rxa8 Rxa8 25.Na5 f5 26.Qa4 Nf6 27.exf5 Nxf5 28.Qc6 Qd8 29.Bd3 Nd4
30.Qc4 Nh5 31.Be4 Qh4 32.Kg1 Bf6 33.Qc1 Bd8 34.Be3 Rc8 35.Nc6 Bb6 36.Ne7+ Kf7
37.Nxc8 Nb3 38.Qd1 Bxe3+ 39.Rxe3 Nf4 40.Rxb3  1-0

[Event "Warsaw op"]
[Site "Warsaw"]
[Date "1993.??.??"]
[Round "8"]
[White "Wieczorek, Zbigniew"]
[Black "Dworakowska, Joanna"]
[Result "1-0"]
[WhiteElo "2270"]
[BlackElo "2120"]

1.d4 Nf6 2.c4 g6 3.Nc3 Bg7 4.e4 d6 5.Be2 O-O 6.Nf3 e5 7.O-O Qe8 8.d5 a5 9.Bg5 h6
10.Bh4 Na6 11.Nd2 Nc5 12.Nb5 Qd8 13.f3 Bd7 14.b3 Qc8 15.Bf2 Nh7 16.a3 f5
17.b4 axb4 18.axb4 Rxa1 19.Qxa1 Na6 20.Qc3 g5 21.c5 dxc5 22.bxc5 Nf6 23.c6 Be8
24.Na7 Qd8 25.cxb7 Nb8 26.Rc1 fxe4 27.fxe4 Bg6 28.Nc6 Nxc6 29.dxc6 Bxe4 30.Nxe4 Nxe4
31.Qc4+ Kh8 32.Qxe4 Rf4 33.Rd1 Qf8 34.Qxf4 exf4 35.Ba7  1-0

[Event "Wattens op"]
[Site "Wattens"]
[Date "1993.??.??"]
[Round "?"]
[White "Kupfner, Franz"]
[Black "Tseitlin, Mikhail S"]
[Result "0-1"]
[WhiteElo "2100"]
[BlackElo "2430"]

1.d4 Nf6 2.Nf3 g6 3.c4 Bg7 4.Nc3 O-O 5.e4 c6 6.Be2 d6 7.O-O e5 8.Qc2 Qe7
9.Rd1 Bg4 10.dxe5 dxe5 11.Ne1 Bxe2 12.Qxe2 Nbd7 13.Nd3 Ne8 14.b4 Nc7 15.Be3 Ne6
16.Rab1 Nb6 17.Bc5 Nxc5 18.Nxc5 Rad8 19.N3a4 Rxd1+ 20.Rxd1 Nxa4 21.Nxa4 Qxb4
22.Qc2 Bf6 23.g3 Rd8 24.Rxd8+ Bxd8 25.Nb2 Qe1+ 26.Kg2 Ba5 27.g4 Bc3 28.Nd1 Bd4
29.a4 Kg7 30.h3 h6 31.Qd3 a6 32.Ne3 Bxe3 33.fxe3 Qb4 34.h4 Qe1 35.Kh3 Qf2
36.g5 Qf3+ 37.Kh2 hxg5 38.hxg5 Qh5+  0-1

[Event "Sonnevanck"]
[Site "Wijk aan Zee"]
[Date "1993.??.??"]
[Round "1"]
[White "Rogers, Ian"]
[Black "Reinderman, Dimitri"]
[Result "1-0"]
[WhiteElo "2595"]
[BlackElo "2435"]

1.d4 Nf6 2.c4 g6 3.Nc3 Bg7 4.e4 d6 5.Be2 O-O 6.Nf3 e5 7.d5 a5 8.Bg5 h6 9.Bh4 Na6
10.Nd2 Qe8 11.a3 Bd7 12.b3 Nh7 13.Rb1 f5 14.f3 g5 15.Bf2 Qg6 16.b4 b6 17.Bd3 f4
18.Qe2 axb4 19.axb4 Bc8 20.c5 dxc5 21.Ra1 cxb4 22.Nd1 b5 23.Bxb5 Bb7 24.Nb3 Kh8
25.Nb2 Nb8 26.Rxa8 Bxa8 27.O-O c6 28.Ra1 g4 29.fxg4 cxb5 30.Rxa8 Nf6 31.Nc5 Nbd7
32.Rxf8+ Bxf8 33.Nxd7 Nxd7 34.h3 Nf6 35.Bh4 Nxe4 36.Qxb5 Kg8 37.Kh2 Nc3 38.Qb8 Qd6
39.Qe8 Kg7 40.Nc4 Qxd5 41.Nxe5 Kg8 42.Bf6 Qb7 43.Nd7  1-0

[Event "Sonnevanck"]
[Site "Wijk aan Zee"]
[Date "1993.??.??"]
[Round "2"]
[White "Johansen, Darryl K"]
[Black "Blees, Albert"]
[Result "0-1"]
[WhiteElo "2495"]
[BlackElo "2415"]

1.Nf3 Nf6 2.c4 g6 3.Nc3 Bg7 4.e4 d6 5.d4 O-O 6.Be2 e5 7.Be3 Na6 8.O-O Ng4
9.Bg5 Qe8 10.dxe5 dxe5 11.Ne1 h6 12.Bd2 f5 13.Bxg4 fxg4 14.Nc2 Rf7 15.b4 c6
16.Qe2 h5 17.c5 Nc7 18.Ne3 b6 19.b5 bxc5 20.a4 Ne6 21.Rfb1 Nf4 22.Qf1 Be6
23.Nc4 Rd8 24.Be1 Rd3 25.Na5 cxb5 26.axb5 h4 27.Ne2 c4 28.Nc6 Rb3 29.Rd1 Nd3
30.Nc1 Rxb5 31.Nxa7 Rbb7 32.Nxd3 cxd3  0-1

[Event "Wijk op"]
[Site "Wijk aan Zee"]
[Date "1993.??.??"]
[Round "5"]
[White "Kortschnoj, Viktor"]
[Black "Gelfand, Boris"]
[Result "1/2-1/2"]
[WhiteElo "2605"]
[BlackElo "2690"]

1.d4 Nf6 2.c4 g6 3.Nc3 Bg7 4.e4 d6 5.Be2 O-O 6.Nf3 e5 7.O-O Na6 8.Re1 Qe8
9.Bf1 Bg4 10.d5 Nb4 11.Qb3 a5 12.Nd2 Nd7 13.Na4 Na6 14.Rb1 Ndc5 15.Nxc5 Nxc5
16.Qg3 Bd7 17.Nb3 Nxb3 18.Qxb3  1/2-1/2

[Event "Wijk op"]
[Site "Wijk aan Zee"]
[Date "1993.??.??"]
[Round "11"]
[White "Gurevich, Mikhail"]
[Black "Gelfand, Boris"]
[Result "1/2-1/2"]
[WhiteElo "2610"]
[BlackElo "2690"]

1.d4 Nf6 2.c4 g6 3.Nc3 Bg7 4.e4 d6 5.Nf3 O-O 6.Be2 e5 7.O-O Na6 8.Be3 Ng4
9.Bg5 Qe8 10.dxe5 dxe5 11.h3 h6 12.Bd2 Nf6 13.Be3 Nh5 14.c5 Nf4 15.Bb5 Qe6
16.Re1 Kh8 17.Rc1 g5 18.Bf1 Qg6 19.Nd5 Nxd5 20.Qxd5 Nb4 21.Nxe5 Qe6 22.Qd2 Nxa2
23.Bc4 Qxe5 24.Bxa2 Qxb2 25.Rc2 Qf6 26.c6 bxc6 27.Qc1 Bd7 28.Rd1 Rfd8 29.Rcd2 Be6
30.Rxd8+ Rxd8 31.Rxd8+ Qxd8 32.Bxe6 fxe6 33.Qxc6 Qd1+ 34.Kh2 Qd6+  1/2-1/2

[Event "SWZ-GP Wohlen"]
[Site "Wohlen"]
[Date "1993.??.??"]
[Round "9"]
[White "Huss, Andreas"]
[Black "Landenbergue, Claude"]
[Result "1-0"]
[WhiteElo "2400"]
[BlackElo "2385"]

1.d4 Nf6 2.Nf3 g6 3.c4 Bg7 4.Nc3 O-O 5.e4 d6 6.Be2 Na6 7.O-O e5 8.d5 Nc5
9.Qc2 a5 10.Bg5 h6 11.Be3 Nh7 12.Nd2 f5 13.exf5 gxf5 14.f4 e4 15.Nb3 Nxb3
16.axb3 Bd7 17.c5 Nf6 18.Rfd1 Be8 19.Qd2 Bf7 20.h3 Nd7 21.cxd6 cxd6 22.Nb5 Nc5
23.Bc4 Qf6 24.Bd4 Qg6 25.Bxg7 Kxg7 26.Rxa5 Kh7 27.Rxa8 Rxa8 28.b4 Nd7 29.Qe3 Nf6
30.Nc3 Rg8 31.Rd2 Nh5 32.Rf2 Qf6 33.Be2 Rg3 34.Qb6 e3 35.Rf3 Qg7 36.Qxe3 Rxg2+
37.Kh1 Nf6 38.Bd3 Bh5 39.Bxf5+ Kh8 40.Bg4 Rxb2 41.Rg3 Bxg4 42.hxg4 Nxg4 43.Qe8+ Kh7
44.Qe4+ Kh8 45.Ne2 Nh2 46.Kg2 Ng4 47.Qe6 Qg8 48.Qxg8+ Kxg8 49.Rxg4+ Kf7 50.Kf3 Rxb4
51.f5 Rxg4 52.Kxg4 b5 53.Nc3 b4 54.Ne4 Ke7 55.f6+ Kd7 56.Kh5  1-0

[Event "Zalaegerszeg"]
[Site "Zalaegerszeg"]
[Date "1993.??.??"]
[Round "5"]
[White "Kindl, Peter"]
[Black "Deutsch, Ludwig"]
[Result "1-0"]
[WhiteElo "2335"]
[BlackElo "2220"]

1.d4 Nf6 2.Nf3 g6 3.c4 Bg7 4.Nc3 d6 5.e4 O-O 6.Be2 e5 7.O-O exd4 8.Nxd4 Nc6
9.Nxc6 bxc6 10.Bg5 Qe8 11.f3 Nd7 12.Qd2 Rb8 13.Rac1 a5 14.b3 Nc5 15.Be3 Nd7
16.Rfe1 Qe7 17.Na4 c5 18.Qxa5 Nb6 19.Nxb6 Rxb6 20.Qd2 Bb7 21.Bd3 Bc6 22.Bb1 Rbb8
23.Kh1 Rfe8 24.Re2 Qf6 25.Bg5 Qd4 26.Qxd4 Bxd4 27.Be3 Bxe3 28.Rxe3 f6 29.Rce1 Re7
30.Kg1 Kf7 31.Kf2 Rbe8 32.Bd3 Ra8 33.R1e2 Rae8 34.g3 Kg7 35.Re1 Kf7 36.R3e2 Ke6
37.Ke3 Ra8 38.Bb1 Kf7 39.Kd2 Rae8 40.Bd3 Kg7 41.Kc3 Kf7 42.Bc2 g5 43.Kd2 h5
44.Bd3 Rh8 45.h4 gxh4 46.gxh4 Rg8 47.Rh2 f5 48.exf5 Rxe1 49.Kxe1 Bxf3 50.Kf2 Bg4
51.Ke3 Kf6 52.Kf4 Re8 53.Be4 Re5 54.Rf2 Bd1 55.Rg2 Bg4 56.Rf2 Bd1 57.Rd2 Bg4
58.Rd5 Re8 59.Rd3 Re5 60.Rd5 Re8 61.a4 Rb8 62.Bc2 Re8 63.Bd1 Bxd1 64.Rxd1 Rg8
65.a5 Rg4+ 66.Kf3 Rxh4 67.a6 Rh3+ 68.Ke4 Rxb3 69.Ra1 Rb8 70.Kd5 Ra8 71.a7 Kxf5
72.Kc6 Ke4 73.Kb7 Rxa7+ 74.Rxa7 d5 75.cxd5 Kxd5 76.Kxc7 c4 77.Kb6 c3 78.Rc7 Ke4
79.Rxc3  1-0

[Event "Zalaegerszeg"]
[Site "Zalaegerszeg"]
[Date "1993.??.??"]
[Round "11"]
[White "Csiszar, Csaba"]
[Black "Meszaros, Andras"]
[Result "1/2-1/2"]
[WhiteElo "2245"]
[BlackElo "2390"]

1.d4 Nf6 2.c4 g6 3.Nc3 Bg7 4.e4 d6 5.Be2 O-O 6.Nf3 e5 7.Be3 exd4 8.Nxd4 Re8
9.f3 c6 10.Qd2 d5 11.exd5 cxd5 12.O-O Nc6 13.Rfd1 dxc4 14.Ndb5 Qe7 15.Bf2 Be6
16.Qd6 Rac8 17.Qxe7 Rxe7 18.Nd6 Rd8 19.Nxc4 Red7 20.Na3 Nd5 21.Nab5 Nxc3
22.Nxc3 Rxd1+ 23.Rxd1 Rxd1+ 24.Bxd1 Bxc3 25.bxc3 Bxa2 26.Ba4 a6 27.Bxc6 bxc6
28.Bc5 Kg7 29.Bd4+ f6 30.Kf2 Kf7 31.Ke3 Ke6 32.Kd3 Kf5 33.g3 Bd5 34.f4 a5
35.Ke3 Bc4 36.Bc5 Kg4 37.Kf2 Kh3 38.Kg1 a4 39.Ba3 h5 40.Be7 Kg4 41.Kf2  1/2-1/2

[Event "Zalakaros op"]
[Site "Zalakaros"]
[Date "1993.??.??"]
[Round "5"]
[White "Csiszar, Csaba"]
[Black "Kostov, Galin"]
[Result "1-0"]
[WhiteElo "2200"]
[BlackElo "2230"]

1.d4 Nf6 2.c4 g6 3.Nc3 Bg7 4.e4 d6 5.Nf3 O-O 6.Be2 e5 7.Be3 Ng4 8.Bg5 f6
9.Bh4 Nc6 10.d5 Ne7 11.Nd2 Nh6 12.f3 Nf7 13.Bf2 c5 14.Rb1 f5 15.b4 b6 16.bxc5 bxc5
17.Qa4 h5 18.Nb3 Bd7 19.Qa3 a5 20.Nb5 a4 21.Nd2 Bh6 22.Rd1 Kh8 23.Qc3 Ra6
24.h3 Ng8 25.g3 Nf6 26.exf5 gxf5 27.Nf1 h4 28.g4 Bg7 29.Bxh4 e4 30.f4 e3
31.Nxe3 Re8 32.Rd3 Re4 33.O-O Nh6 34.Bf3 Qf8 35.Qc2 Rxf4 36.Ng2 Re4 37.Bxe4 Nxe4
38.Rdf3 Be5 39.Qxe4  1-0

[Event "Zaragoza op"]
[Site "Zaragoza"]
[Date "1993.??.??"]
[Round "?"]
[White "Komljenovic, Davor"]
[Black "Markzon, Gregory"]
[Result "0-1"]
[WhiteElo "2450"]
[BlackElo "2290"]

1.c4 g6 2.Nc3 Bg7 3.d4 Nf6 4.e4 d6 5.Nf3 O-O 6.Be2 e5 7.O-O Na6 8.Be3 Qe8
9.dxe5 dxe5 10.Nd2 Nd7 11.Nb5 b6 12.b4 Qe7 13.a3 Rd8 14.Qa4 Bb7 15.Rfd1 c6
16.Nc3 Nc7 17.Nf3 Ne6 18.Rd2 f5 19.Rdd1 f4 20.Bd2 Nd4 21.Re1 g5 22.h3 h5
23.Nh2 Nf6 24.Qd1 Qf7 25.a4 Qg6 26.f3 Bf8 27.c5 bxc5 28.b5 cxb5 29.axb5 g4
30.Bc4+ Kh8 31.hxg4 hxg4 32.Nxg4 Nxg4 33.fxg4 Be7 34.Rf1 Kg7 35.g3 Rh8 36.Rf2 Qh6
37.Rg2 Qh1+ 38.Kf2 fxg3+ 39.Ke3 Qxg2 40.Qf1 Bg5+ 41.Kd3 Qxd2+  0-1

[Event "Zaragoza op"]
[Site "Zaragoza"]
[Date "1993.??.??"]
[Round "?"]
[White "Franco Ocampo, Zenon"]
[Black "Etchegaray, Patrice"]
[Result "1-0"]
[WhiteElo "2480"]
[BlackElo "2410"]

1.Nf3 d6 2.d4 Nf6 3.c4 g6 4.Nc3 Bg7 5.e4 O-O 6.Be2 e5 7.d5 a5 8.Bg5 h6 9.Bh4 Na6
10.O-O Qe8 11.Ne1 Bd7 12.Nd3 Nh7 13.Rb1 h5 14.f3 Bh6 15.Bf2 b6 16.b3 Nc5
17.Nxc5 bxc5 18.a3 f5 19.b4 cxb4 20.axb4 axb4 21.Rxb4 Qe7 22.Qc2 Nf6 23.Rfb1 fxe4
24.fxe4 Nh7 25.Bf1 Qf7 26.c5 Nf6 27.h3 Ra3 28.c6 Bc8 29.R4b3 Rxb3 30.Rxb3 Nh7
31.Nd1 Ng5 32.Be2 Qf4 33.h4 Nf7 34.Rg3 Kh7 35.Ra3 Qf6 36.Ra7 Qd8 37.Qb3 Bg4
38.Bxg4 hxg4 39.Qb7 Qf6 40.Qb3 Bf4 41.Rxc7 Kh6 42.Ne3 Bxe3 43.Qxe3+ Qf4 44.g3  1-0

[Event "Zaragoza op"]
[Site "Zaragoza"]
[Date "1993.??.??"]
[Round "?"]
[White "Langeweg, Kick"]
[Black "Damljanovic, Branko"]
[Result "0-1"]
[WhiteElo "2380"]
[BlackElo "2570"]

1.d4 Nf6 2.c4 g6 3.Nc3 Bg7 4.e4 d6 5.Be2 O-O 6.Nf3 c6 7.O-O e5 8.Be3 Ng4
9.Bg5 f6 10.Bc1 Qe7 11.a3 Nh6 12.b4 Nf7 13.d5 f5 14.dxc6 bxc6 15.Bd3 Be6
16.Qe2 Nd7 17.Rb1 Rac8 18.Bd2 fxe4 19.Nxe4 d5 20.cxd5 cxd5 21.Neg5 e4 22.Ba6 Rce8
23.Rfe1 Qf6  0-1

[Event "Zaragoza op"]
[Site "Zaragoza"]
[Date "1993.??.??"]
[Round "?"]
[White "Veingold, Aleksandr"]
[Black "Colas, Rafael P"]
[Result "1-0"]
[WhiteElo "2465"]
[BlackElo "2305"]

1.d4 Nf6 2.Nf3 g6 3.c4 Bg7 4.Nc3 d6 5.e4 O-O 6.Be2 e5 7.O-O Na6 8.Be3 exd4
9.Nxd4 Nc5 10.Qc2 Ng4 11.Bxg4 Bxg4 12.f3 Bd7 13.Rad1 a5 14.Ndb5 f5 15.Rd2 b6
16.exf5 gxf5 17.Bd4 Bh6 18.Re2 Ne6 19.Rfe1 Nxd4 20.Nxd4 Bg7 21.Ne6 Bxe6 22.Rxe6 Be5
23.Nd5 c6 24.Ne7+ Kh8 25.Qd2 Qc7 26.f4 Bg7 27.Rxd6 Rad8 28.Nxf5 Rxd6 29.Nxd6 c5
30.Re8 Qd7 31.Rxf8+ Bxf8 32.Ne4 Qf5 33.Nc3 h6 34.g3 Bg7 35.Qd8+ Kh7 36.Qd5 Bd4+
37.Kg2 Qc2+ 38.Kh3 Qxb2 39.Qf7+ Kh8 40.Nd5 Bg1 41.Qf8+  1-0

[Event "Zillertal op"]
[Site "Zillertal"]
[Date "1993.??.??"]
[Round "?"]
[White "Cebalo, Miso"]
[Black "Foisor, Ovidiu"]
[Result "1-0"]
[WhiteElo "2485"]
[BlackElo "2350"]

1.d4 Nf6 2.Nf3 g6 3.c4 Bg7 4.Nc3 d6 5.e4 O-O 6.Be2 e5 7.O-O Na6 8.Be3 Ng4
9.Bg5 Qe8 10.dxe5 dxe5 11.h3 h6 12.Bd2 Nf6 13.Be3 Nh5 14.c5 Nf4 15.Bxa6 bxa6
16.Re1 Be6 17.Bxf4 exf4 18.Nd5 Bxd5 19.exd5 Qb5 20.Rc1 Qxb2 21.Rc2 Qb4 22.Re7 Rac8
23.Kh2 Bf6 24.Ree2 Rfd8 25.Qd3 Qb5 26.Rc4 Bg7 27.a4 Qd7 28.Rxf4 Qxd5 29.Re8+  1-0

[Event "Zillertal op"]
[Site "Zillertal"]
[Date "1993.??.??"]
[Round "?"]
[White "Schulz, Michael"]
[Black "Kveinys, Aloyzas"]
[Result "0-1"]
[WhiteElo "2145"]
[BlackElo "2555"]

1.d4 Nf6 2.Nf3 g6 3.c4 Bg7 4.Nc3 O-O 5.e4 d6 6.Be2 Nbd7 7.O-O e5 8.dxe5 dxe5
9.Bg5 h6 10.Bh4 c6 11.Qc2 Qe7 12.Rfd1 Re8 13.h3 Nf8 14.Rab1 g5 15.Bg3 Ng6
16.b4 Nh5 17.Nh2 Nhf4 18.Bg4 Be6 19.c5 a5 20.a3 axb4 21.axb4 Ra3 22.Rd2 h5
23.Bf5 Rd8 24.Rbd1 Rd4 25.Bxe6 Qxe6 26.Bxf4 Nxf4 27.Qc1 Qb3 28.Rc2 Qxc3 29.Rxc3 Rxc3  0-1

[Event "Zuerich op"]
[Site "Zuerich"]
[Date "1993.??.??"]
[Round "?"]
[White "Wirthensohn, Heinz"]
[Black "Terreaux, Gilles"]
[Result "1-0"]
[WhiteElo "2400"]
[BlackElo "2240"]

1.Nf3 Nf6 2.c4 g6 3.Nc3 Bg7 4.e4 d6 5.d4 O-O 6.Be2 e5 7.Be3 c6 8.d5 Ng4 9.Bg5 f6
10.Bh4 Nh6 11.Nd2 Nf7 12.b4 Na6 13.dxc6 bxc6 14.b5 cxb5 15.cxb5 Nc5 16.O-O Be6
17.f3 Bh6 18.Nc4 Rc8 19.Nd5 Bg5 20.Bf2 f5 21.exf5 gxf5 22.a4 Kh8 23.Kh1 Rg8
24.a5 f4 25.b6 Bh4 26.Bxh4 Qxh4 27.Nc7 Rg6 28.Qe1 Qh5 29.Qf2 Rh6 30.g4 fxg3
31.Qxg3 Rg6 32.Qf2 Ng5 33.f4 Nh3 34.Bxh5 Nxf2+ 35.Rxf2 Rg7 36.Nxd6 Rcg8 37.f5 Nd3
38.Rd2 Bxf5 39.Nxf5  1-0

[Event "Aarhus int"]
[Site "Aarhus"]
[Date "1994.??.??"]
[Round "9"]
[White "Berg, Klaus"]
[Black "Stanke, Juergen"]
[Result "1-0"]
[WhiteElo "2440"]
[BlackElo "2300"]

1.d4 Nf6 2.c4 d6 3.Nc3 Nbd7 4.e4 e5 5.Nf3 g6 6.Be2 Bg7 7.O-O O-O 8.Qc2 Qe7
9.Rd1 h6 10.Rb1 c6 11.b4 exd4 12.Nxd4 c5 13.bxc5 Nxc5 14.f3 Nh5 15.Ndb5 Be6
16.Bf1 a6 17.Nd4 Rac8 18.a4 Rfd8 19.Be3 Nf6 20.Nxe6 Nxe6 21.Qd2 Kh7 22.Rb6 Nc5
23.a5 Rc6 24.Rxc6  1-0

[Event "Abierto op"]
[Site "Abierto"]
[Date "1994.??.??"]
[Round "4"]
[White "Peric, Slavisa"]
[Black "Romero Holmes, Alfonso"]
[Result "1/2-1/2"]
[WhiteElo "2335"]
[BlackElo "2455"]

1.d4 Nf6 2.c4 g6 3.Nc3 Bg7 4.e4 d6 5.Nf3 O-O 6.Be2 e5 7.dxe5 dxe5 8.Qxd8 Rxd8
9.Nd5 Rd7 10.Nxe5 Nxd5 11.Nxd7 Nb4 12.Nxb8 Nc2+ 13.Kd1 Nxa1 14.Bf4 Rxb8 15.Kc1 Bd7
16.Kb1 Re8 17.Bd3 f5 18.f3 fxe4 19.Bxe4 Bf5 20.Re1 Bxe4+ 21.fxe4 Rd8 22.c5 Rd4
23.c6 bxc6 24.Kxa1 Kf7 25.a3 Ke6 26.Re2 Be5 27.g3 c5 28.Bd2 Rd3 29.Ka2 Bd4
30.Bf4 c6 31.Rc2 Kd7 32.Rc4 Rf3 33.b4 Rf2+ 34.Kb3 Rxh2 35.bxc5 Rb2+ 36.Ka4 Bf2
37.Bd6 h5 38.Rb4 Rxb4+ 39.axb4 g5 40.b5 Bd4 41.e5 h4 42.gxh4 gxh4 43.bxc6+ Kxc6
44.e6 Bf6 45.e7  1/2-1/2

[Event "Abierto op"]
[Site "Abierto"]
[Date "1994.??.??"]
[Round "7"]
[White "Roa Alonso, Santiago"]
[Black "Lopez Jimenez, Armando"]
[Result "1/2-1/2"]
[WhiteElo "2330"]
[BlackElo "2295"]

1.Nf3 Nf6 2.c4 g6 3.Nc3 Bg7 4.e4 d6 5.d4 O-O 6.Be2 e5 7.O-O Nbd7 8.Be3 Ng4
9.Bg5 f6 10.Bh4 c6 11.Nxe5 Ngxe5 12.dxe5 dxe5 13.b4 Re8 14.c5 Nf8 15.Bc4+ Be6
16.Qb3 Qe7 17.Rad1 Red8 18.Ne2 Bxc4 19.Qxc4+ Qe6 20.Qc2 Qe8 21.f3 Rxd1 22.Rxd1 Rd8
23.Qb3+ Kh8 24.Nc1 Rd7 25.Rxd7 Qxd7 26.Qd3 Qxd3 27.Nxd3 Ne6 28.Bf2 Bf8 29.Kf1 Kg7
30.Ke2 Kf7 31.Be3 Ke8 32.Kd2 Kd7 33.Kc3 Be7 34.Kc4 a6 35.g3 Nd8 36.f4 Ke6
37.fxe5 fxe5  1/2-1/2

[Event "Aegina op"]
[Site "Aegina"]
[Date "1994.??.??"]
[Round "5"]
[White "Nenashev, Alexander"]
[Black "Grivas, Efstratios"]
[Result "1-0"]
[WhiteElo "2575"]
[BlackElo "2475"]

1.d4 Nf6 2.c4 g6 3.Nc3 Bg7 4.e4 d6 5.Nf3 O-O 6.Be2 e5 7.d5 a5 8.Bg5 h6 9.Bh4 Na6
10.Nd2 Qe8 11.O-O Bd7 12.Kh1 Nh7 13.Rb1 f5 14.exf5 Bxf5 15.Nb3 a4 16.Nd2 Bxb1
17.Qxb1 Bf6 18.Bg3 Bg5 19.Nde4 Bf4 20.b4 axb3 21.axb3 Nf6 22.b4 Nxe4 23.Nxe4 b6
24.Qb2 Qa4 25.Bxf4 Rxf4 26.Ra1 Qe8 27.Bd3 Nxb4 28.Rxa8 Qxa8 29.Qxb4 Qa1+
30.Qb1 Qd4 31.g3 Rf8 32.Qc2 Kg7 33.Kg2 g5 34.Be2 Kh8 35.Bf3 Rf7 36.Bg4 Rf8
37.Be6 Kg7 38.Qe2 Kh8 39.Qg4 Qxc4 40.h4 Rf4 41.gxf4 Qxe4+ 42.Qf3 Qxf4 43.h5 b5
44.Qd3 e4 45.Qc3+  1-0

[Event "Aegina op"]
[Site "Aegina"]
[Date "1994.??.??"]
[Round "8"]
[White "Kalesis, Nikolaos"]
[Black "Nikolaidis, Konstantinos"]
[Result "1-0"]
[WhiteElo "2415"]
[BlackElo "2270"]

1.d4 Nf6 2.Nf3 g6 3.c4 Bg7 4.Nc3 d6 5.e4 O-O 6.Be2 e5 7.Be3 h6 8.O-O Ng4
9.Bc1 Nc6 10.d5 Ne7 11.Nd2 h5 12.b4 b6 13.a4 f5 14.a5 Bd7 15.Ba3 Nf6 16.c5 fxe4
17.Ndxe4 Nxe4 18.Nxe4 Nf5 19.cxd6 cxd6 20.b5 Qe7 21.Qd2 Rfd8 22.Bb4 Nd4 23.axb6 Bf5
24.Nxd6 Rxd6 25.Rxa7 Rxa7 26.bxa7 Qxa7 27.Bxd6 h4 28.h3 Be4 29.Bc4 Qf7 30.f4 Qa7
31.Kh1 Nf5 32.fxe5 Ne3 33.Rc1 Nxg2 34.Kh2 Kh7 35.Bf1 Ne3 36.Be2 Nf5 37.Bc5 Bxe5+
38.Kg1 Qd7 39.Bg4 Qd8 40.Re1 Qc8 41.Rxe4 Qxc5+ 42.Qf2 Bh2+ 43.Kg2 Qxd5 44.Bf3 Qd6
45.Bg4 Bg3 46.Qf3 Qc5 47.Bxf5 gxf5 48.Re6 Qc2+ 49.Re2 Qc5 50.Qb7+ Bc7 51.Qc6  1-0

[Event "Cseppko op"]
[Site "Aggtelek"]
[Date "1994.??.??"]
[Round "1"]
[White "Kovacs, Arthur"]
[Black "Racz, Zoltan"]
[Result "0-1"]
[WhiteElo "2145"]
[BlackElo "2260"]

1.d4 Nf6 2.Nf3 g6 3.c4 Bg7 4.Nc3 O-O 5.e4 d6 6.Be2 e5 7.dxe5 dxe5 8.Qxd8 Rxd8
9.Bg5 Nbd7 10.O-O-O Re8 11.Nd5 Nxd5 12.cxd5 f5 13.Nd2 h6 14.exf5 hxg5 15.fxg6 Nf6
16.Bc4 Kf8 17.Rde1 Bf5 18.Nf3 g4 19.Nxe5 Bh6+ 20.Kd1 Ne4 21.Nd3 Nd6 22.Ne5 Bg7  0-1

[Event "Cseppko op"]
[Site "Aggtelek"]
[Date "1994.??.??"]
[Round "8"]
[White "Berta, Krisztian"]
[Black "Mester, Gyula"]
[Result "1/2-1/2"]
[WhiteElo "2225"]
[BlackElo "2255"]

1.d4 Nf6 2.c4 g6 3.Nc3 Bg7 4.e4 d6 5.Be2 O-O 6.Nf3 e5 7.d5 c5 8.Bg5 h6 9.Bh4 g5
10.Bg3 Nh5 11.Nd2 Nf4 12.Bxf4 exf4 13.g3 fxg3 14.hxg3 f5 15.Qc2 f4  1/2-1/2

[Event "Alcobendas op"]
[Site "Alcobendas"]
[Date "1994.??.??"]
[Round "4"]
[White "Pogorelov, Ruslan"]
[Black "Bustelo, Tabare"]
[Result "1-0"]
[WhiteElo "2415"]
[BlackElo "2180"]

1.Nf3 Nf6 2.c4 g6 3.Nc3 Bg7 4.e4 d6 5.d4 O-O 6.Be2 e5 7.d5 a5 8.Be3 Na6 9.Nd2 Nc5
10.a3 Nfd7 11.b4 axb4 12.axb4 Rxa1 13.Qxa1 Na6 14.Qa3 f5 15.f3 Bh6 16.Na2 Bxe3
17.Qxe3 f4 18.Qf2 c5 19.dxc6 bxc6 20.Nb3 Qb6 21.O-O Qxf2+ 22.Kxf2 c5 23.b5 Nc7
24.Rd1 Rf6 25.Nc3 Nb6 26.Na5 g5 27.Nc6 Kf8 28.Nd5 Ncxd5 29.exd5 Rf7 30.Ra1 Ke8
31.Ke1 h5 32.h3 h4 33.Kd2 Rc7 34.Kc3 Kf7 35.Bd3 Kf6 36.Be4 Rb7 37.Nd8 Rc7
38.Ne6 Bxe6 39.dxe6 Kxe6 40.Ra6 Nd7 41.Bd5+ Ke7 42.b6 Rc8 43.b7 Re8 44.Rc6 Nb8
45.Rc7+ Kd8 46.Rg7 Re7  1-0

[Event "Alcobendas"]
[Site "Alcobendas"]
[Date "1994.??.??"]
[Round "8"]
[White "Garcia Vicente, Nieves"]
[Black "Reyes, Juan"]
[Result "1/2-1/2"]
[WhiteElo "2235"]
[BlackElo "2450"]

1.d4 Nf6 2.c4 d6 3.Nc3 Nbd7 4.e4 e5 5.Nf3 g6 6.Be2 Bg7 7.O-O O-O 8.Be3 c6
9.Qd2 Ng4 10.Bg5 f6 11.Bh4 Nh6 12.Rfd1 Qe7 13.d5 c5  1/2-1/2

[Event "Altensteig-J"]
[Site "Altensteig"]
[Date "1994.??.??"]
[Round "?"]
[White "Kadimova, Ilaha"]
[Black "Maiwald, Jens Uwe"]
[Result "1/2-1/2"]
[WhiteElo "2335"]
[BlackElo "2490"]

1.d4 Nf6 2.c4 d6 3.Nc3 g6 4.e4 Bg7 5.Be2 O-O 6.Nf3 e5 7.Be3 Na6 8.O-O c6
9.d5 Ng4 10.Bg5 f6 11.Bh4 h5 12.Nd2 Nh6 13.f3 Nf7 14.Kh1 Bh6 15.Rb1 c5 16.a3 Bg5
17.Bf2 f5 18.exf5 gxf5 19.Bd3 Qf6 20.Qe2 Qh6 21.Rfd1 h4 22.Nf1 Nh8 23.Be3 Ng6
24.Qd2 Bf4 25.Bxf4 exf4 26.h3 Bd7 27.Re1 Rf7 28.Re2 Ne5 29.Rf2 Re8 30.Ne2 Ng6
31.b4 b6 32.b5 Nb8 33.a4 Bc8 34.a5 Nd7 35.Rb3 Nf6 36.Nc1 Qg5 37.axb6 axb6
38.Ra3 Ne5 39.Ne2 Nh5 40.Ng1 Rg7 41.Re2 Bb7 42.Re1 Kh8 43.Re2 Reg8 44.Ra2 Bc8
45.Re1 Qf6 46.Re2 Rg5 47.Ra3 Qg7 48.Ra2 Bd7 49.Qd1 Bc8 50.Qd2 Qf6 51.Ra3 R5g7
52.Ra2 Qg5 53.Ra3 Re7 54.Ra2 Kh7 55.Ra3 Kh6 56.Ra2 Qg7 57.Qc3 Rge8 58.Qc2 Kg5
59.Qb1 Ng6 60.Rxe7 Qxe7 61.Ne2 Ne5 62.Qd1 Bb7 63.Qc2 Bc8 64.Qd1 Ng6 65.Qa1 Qe5
66.Qxe5 Nxe5 67.Nc1 Bb7 68.Kg1 Ng3 69.Kf2 Kf6 70.Nh2 Nh1+ 71.Kf1 Re7 72.Rd2 Kg5
73.Rc2 Nd7 74.Be2 Nf6 75.Kg1 Ng3 76.Nf1 Nfh5 77.Kf2 Nf6 78.Kg1 Nd7 79.Kf2 Ne5
80.Bd3 Bc8 81.Ra2  1/2-1/2

[Event "Altensteig-J"]
[Site "Altensteig"]
[Date "1994.??.??"]
[Round "?"]
[White "Kadimova, Ilaha"]
[Black "Schmaltz, Roland"]
[Result "0-1"]
[WhiteElo "2335"]
[BlackElo "2445"]

1.d4 g6 2.c4 Bg7 3.Nc3 d6 4.e4 Nf6 5.Be2 O-O 6.Nf3 e5 7.Be3 h6 8.O-O Ng4
9.Bc1 Nc6 10.d5 Ne7 11.Ne1 h5 12.h3 Nh6 13.f4 exf4 14.Bxf4 f6 15.Nd3 Nf7
16.Kh1 f5 17.Qd2 Bd7 18.Rae1 fxe4 19.Nxe4 Nf5 20.b4 Qh4 21.Kh2 Rae8 22.Bf3 Nd4
23.Bd1 Bf5 24.Bg3 Qd8 25.Nef2 b5 26.cxb5 h4 27.Bf4 Rxe1 28.Nxe1 Nxb5 29.Nf3 Qf6
30.Be3 Ne5 31.Bg5 Nxf3+ 32.Bxf3 Qe5+ 33.Bf4 Bh6 34.Bxe5 Bxd2 35.Bb2 Bxb4
36.Rc1 Bc5 37.Ne4 Bxe4 38.Bxe4 Be3 39.Rb1 g5 40.Bd3 Nd4 41.Bxd4 Bxd4 42.Rf1 Bf2
43.Kh1 Rf4 44.Bb5 Kg7 45.a4 Kf6 46.Rc1 Bb6 47.Re1 Rd4 48.Bc6 Rd2 49.Kh2 Bf2
50.Rc1 Ke5 51.Kh1 Kf4 52.Kh2 Ke3 53.Rc3+ Kd4 54.Rc1 Rb2 55.Rd1+ Ke3 56.Rc1 Kd2
57.Rf1 Ke2 58.Rc1 Be3 59.Ra1 a6 60.Kh1 Kf2 61.Kh2 Bf4+ 62.Kh1 Rd2 63.Rb1 Be5
64.Rc1 Kg3 65.Re1 Bd4  0-1